El Negre de l'olivera / per August Matons
Publicado:
Barcelona :
Mancomunitat de Catalunya. Publicacions divulgadores dels Serveis Tècnics d'Agricultura. Servei d'Arbres Fruiters ,
1922
Descripción Física:
11 p. : il. ; 21 cm
Otros Autores:
Catalunya. Mancomunitat. Servei d'Arbres Fruiters
Materias:
Oliveres -- Malalties i plagues
MARC
| LEADER | 00000nam a2200000Ia 4500 | ||
|---|---|---|---|
| 001 | 8496 | ||
| 008 | 160829s1922 xx 000 0 cat d | ||
| 080 | |a FU-9-14 | ||
| 100 | |a Matons, August |9 20130 | ||
| 245 | |a El Negre de l'olivera / per August Matons | ||
| 250 | |a 2a ed. | ||
| 260 | |a Barcelona : |b Mancomunitat de Catalunya. Publicacions divulgadores dels Serveis Tècnics d'Agricultura. Servei d'Arbres Fruiters, |c 1922 | ||
| 300 | |a 11 p. : |b il. ; |c 21 cm | ||
| 650 | |a Oliveres |x Malalties i plagues |9 25085 | ||
| 700 | |a Catalunya. Mancomunitat. Servei d'Arbres Fruiters |9 20132 | ||
| 710 | 2 | |a Catalunya. |b Mancomunitat |9 53015 | |
| 856 | 4 | |u https://media.diba.cat/diba/fitxers/arxiu/fulletons/bib_8496_1922_baixa.pdf |y Accés lliure | |
| 856 | 4 | |u https://media.diba.cat/diba/fitxers/arxiu/fulletons/bib_8496_1922_baixa.pdf |y Accés lliure | |
| 901 | |a Arxiu | ||
| 942 | |n 1 |2 udc | ||
| 952 | |0 0 |1 0 |4 0 |6 FU914 |7 1 |9 48069 |a Arxiu |b Arxiu |d 2016-12-01 |l 0 |o FU-9-14 |p 8496 |r 2016-12-01 00:00:00 |w 2016-12-01 |y ARXIU | ||
| 999 | |c 51872 |d 51872 | ||
| 900 | |a bib_8496_1922_baixa.pdf | ||